[Event "Gibraltar Masters 2019"]
[Site "Caleta ENG"]
[Date "2019.01.23"]
[Round "2.16"]
[White "Grandelius,N"]
[Black "Chandra,Akshat"]
[Result "1-0"]
[WhiteElo "2682"]
[BlackElo "2492"]

1.e4 e5 2.Nf3 Nc6 3.Bb5 Nf6 4.d3 Bc5 5.Bxc6 dxc6 6.Bg5 Bd6 7.Nbd2 Qe7 8.Bh4 h6
9.c3 g5 10.Bg3 Bg4 11.Nc4 O-O-O 12.Ne3 Bh5 13.Nf5 Qe8 14.Ng7 Qe7 15.Nxh5 Nxh5
16.Qc2 c5 17.O-O-O f6 18.Rhe1 Nf4 19.Bxf4 exf4 20.d4 Qe6 21.Qa4 Kb8 22.h3 Qe8
23.Qc4 Qg8 24.Qxg8 Rhxg8 25.e5 fxe5 26.dxe5 Be7 27.Rxd8+ Rxd8 28.e6 Bf6 29.Ne5 Bxe5
30.Rxe5 c6 31.Rf5 Kc7 32.Rf7+ Kc8 33.Rh7 Re8 34.Rxh6 Kc7 35.Rg6 Kd6 36.Kd2  1-0

[Event "Gibraltar Masters 2019"]
[Site "Caleta ENG"]
[Date "2019.01.23"]
[Round "2.17"]
[White "Gukesh,D"]
[Black "Eljanov,P"]
[Result "1/2-1/2"]
[WhiteElo "2497"]
[BlackElo "2680"]

1.Nf3 d5 2.g3 Bg4 3.Bg2 c6 4.O-O e6 5.h3 Bh5 6.d4 Nd7 7.c4 Be7 8.cxd5 exd5
9.Qb3 Qb6 10.Qe3 O-O-O 11.Nc3 Bf6 12.Qf4 Nf8 13.e4 Ne6 14.Qe3 dxe4 15.Nxe4 Ne7
16.Nxf6 gxf6 17.Qa3 Nd5 18.Bd2 Bxf3 19.Bxf3 Nxd4 20.Be4 Nc7 21.Be3 Kb8 22.Rad1 c5
23.Bxd4 Rxd4 24.Rxd4 cxd4 25.Rd1 h6 26.Bg2 Ne6 27.Qf3 Rd8 28.Qxf6 d3 29.Kh2 Nc5
30.Qf4+ Qd6  1/2-1/2

[Event "Gibraltar Masters 2019"]
[Site "Caleta ENG"]
[Date "2019.01.23"]
[Round "2.18"]
[White "Sethuraman,S"]
[Black "Henderson de La Fuente,Lance"]
[Result "1-0"]
[WhiteElo "2665"]
[BlackElo "2489"]

1.c4 Nf6 2.Nc3 c5 3.g3 e6 4.Nf3 Nc6 5.Bg2 Be7 6.d4 cxd4 7.Nxd4 O-O 8.O-O a6
9.Nb3 d6 10.Bf4 h6 11.Rc1 e5 12.Bd2 Be6 13.Nd5 Rc8 14.Be3 Bxd5 15.cxd5 Nb8
16.Qd2 Nbd7 17.Na5 Rxc1 18.Rxc1 Qa8 19.Qb4 Rb8 20.h3 Bd8 21.Nb3 Ne8 22.Rc3 h5
23.g4 Rc8 24.gxh5 Rxc3 25.Qxc3 Bb6 26.Bxb6 Nxb6 27.Na5 Qb8 28.e4 Nf6 29.Bf3 Nbd7
30.Qc2 Kh7 31.Kg2 Kg8 32.Bg4 Nc5 33.f3 Kf8 34.b4 Ncd7 35.Qc1 Ke7 36.Kg3 Qa7
37.a3 Qb6 38.Kg2 Qb5 39.Nc4 Nb6 40.Ne3 Qe2+ 41.Kg3 Kf8 42.a4 g6 43.hxg6 fxg6
44.Ng2 Nxg4 45.hxg4 Nc4 46.Qh6+ Ke7 47.Qxg6 Kd7 48.g5 Nd2 49.Nh4 Nf1+ 50.Kg4 Qh2
51.Qh7+ Kc8 52.Kf5 Qf4+ 53.Kg6 Nd2 54.Qg8+  1-0

[Event "Gibraltar Masters 2019"]
[Site "Caleta ENG"]
[Date "2019.01.23"]
[Round "2.19"]
[White "Repka,C"]
[Black "Melkumyan,H"]
[Result "0-1"]
[WhiteElo "2491"]
[BlackElo "2660"]

1.d4 Nf6 2.c4 g6 3.Nc3 d5 4.cxd5 Nxd5 5.e4 Nxc3 6.bxc3 Bg7 7.Nf3 c5 8.Be3 Qa5
9.Nd2 cxd4 10.Nc4 Qd8 11.cxd4 O-O 12.Rc1 f5 13.Qb3 Be6 14.Qxb7 Nd7 15.d5 Bf7
16.f3 fxe4 17.fxe4 e6 18.Nd6 Ne5 19.Qc7 exd5 20.Be2 Be6 21.Qxd8 Raxd8 22.Nb7 Rb8
23.Nc5 Bg4 24.Bd4 Bxe2 25.Kxe2 Rbe8 26.Rhf1 Rxf1 27.Rxf1 Nd7 28.Bxg7 Nxc5
29.Bh6 Rxe4+ 30.Kd2 Nd7 31.Rf3 Rh4 32.Bf4 Nc5 33.h3 Ne6 34.Bb8 Rb4 35.Be5 Re4
36.Bd6 Ra4 37.a3 Rd4+ 38.Ke2 Re4+ 39.Kd2 Rd4+ 40.Ke2 Rc4 41.Rd3 Nd4+ 42.Kd2 Kf7
43.Bc5 Rc2+ 44.Kd1 Rxc5 45.Rxd4 Ke6 46.Rb4 h5 47.Kd2 Rc4 48.Rb3 g5 49.Rg3 Kf5
50.Rd3 Ke5 51.Rg3 g4 52.hxg4 Rxg4 53.Re3+ Kf4 54.Rf3+ Ke4 55.Re3+ Kf5 56.Rf3+ Rf4
57.Rg3 h4 58.Rd3 Ke4 59.Kc3 Ke5 60.g3 Rc4+ 61.Kb2 Ke4 62.Rb3 d4 63.gxh4 d3
64.Rb7 d2 65.Rd7 Ke3 66.Re7+ Kd3 67.Rd7+ Ke2 68.Re7+ Kd1 69.h5 Rc6 70.Rxa7 Rb6+
71.Kc3 Rd6 72.Rg7 Ke2 73.Rg1 d1=Q 74.Rxd1 Rxd1 75.Kc4 Ra1  0-1

[Event "Gibraltar Masters 2019"]
[Site "Caleta ENG"]
[Date "2019.01.23"]
[Round "2.20"]
[White "Short,N"]
[Black "Libiszewski,F"]
[Result "1/2-1/2"]
[WhiteElo "2648"]
[BlackElo "2481"]

1.e4 c5 2.Nf3 Nc6 3.d4 cxd4 4.Nxd4 e5 5.Nb3 Bb4+ 6.Bd2 Be7 7.c4 Nf6 8.Nc3 d6
9.Bd3 O-O 10.O-O Nb4 11.Be2 Be6 12.Qb1 Rc8 13.a3 Nc6 14.Nd5 Nd7 15.Bc3 Bg5
16.Bd3 a5 17.a4 Nc5 18.Nxc5 dxc5 19.b3 Nd4 20.Kh1 Rc6 21.Ra2 Bc8 22.Qd1 b6
23.g3 Bh3 24.Rg1 Qd7 25.Bxd4 cxd4 26.f4 Bg4 27.Be2 Bxe2 28.Rxe2 Be7 29.f5 Rfc8
30.Rf2 Qd8 31.h4 Rh6 32.Kg2 Rcc6 33.Rh1 Kf8 34.Qf3 Ke8 35.Kf1 Qd6 36.Rfh2 Qa3
37.g4 Rxc4 38.Kg2 Rc2+ 39.Kg3 Rhc6 40.Rxc2 Rxc2 41.Qd3 Qc5 42.g5 Bd8 43.Rf1 Kf8
44.g6 hxg6 45.fxg6 f6 46.Qd1 Rb2 47.Qh5 Rxb3+ 48.Rf3 Rxf3+ 49.Kxf3 Ke8 50.Qh7 Qa3+
51.Kg4 Qf8 52.Kf5 d3 53.h5 d2 54.Ne3 Qc5 55.Qg8+ Kd7 56.Qd5+ Qxd5 57.exd5 Ke7
58.d6+ Kf8 59.Ke4 f5+ 60.Kd3 f4 61.Nd1 Bg5 62.Kxd2 e4 63.Ke2 Ke8 64.Nc3 f3+
65.Kf2 Bh4+ 66.Ke3 Bg5+ 67.Kf2 Bh4+  1/2-1/2

[Event "Gibraltar Masters 2019"]
[Site "Caleta ENG"]
[Date "2019.01.23"]
[Round "2.21"]
[White "Stefanova,A"]
[Black "Akobian,V"]
[Result "1/2-1/2"]
[WhiteElo "2486"]
[BlackElo "2643"]

1.Nf3 Nf6 2.g3 d5 3.Bg2 c6 4.O-O Bg4 5.d4 Nbd7 6.Nbd2 e6 7.Re1 Be7 8.e4 O-O
9.c3 a5 10.a4 Rc8 11.Qb3 Qc7 12.exd5 cxd5 13.Nb1 Qb6 14.Qa2 Qc6 15.Qb3 Qb6
16.Qa2 Ne4 17.Nfd2 Nd6 18.Na3 Bf5 19.Bf1 Nf6 20.Nf3 Nfe4 21.Ne5 Rfd8 22.Be3 h6
23.f3 Nf6 24.Bf2 Nd7 25.Rac1 Qc7 26.Nd3 Qc6 27.b3 b6 28.Ne5 Qb7 29.Be3 Bh7
30.Nd3 Rc6 31.Qb2 Bf6 32.Qd2 Rdc8 33.Nb5 Nxb5 34.axb5 R6c7 35.Nf4 a4 36.bxa4 Qa7
37.Nh5 Qxa4 38.Nxf6+ Nxf6 39.Bf4 Ra7 40.Be5 Ne8 41.Qb2 Qa3 42.Qxa3 Rxa3 43.c4 dxc4
44.Bxc4 Rd8 45.Kf2 Bd3 46.Bxd3 Rxd3 47.Rc6 Nf6 48.Bxf6 gxf6 49.Rxb6 R3xd4
50.g4 Rb4 51.Rc1 Rd7 52.Rb8+ Kg7 53.Rcc8 f5 54.gxf5 exf5 55.Rg8+ Kf6 56.Rb6+ Ke5
57.Kg3 f4+ 58.Kg4 f5+ 59.Kh5 Rb3 60.Re8+ Kd4 61.Rxh6 Rxf3 62.Kg5 Re3 63.Rf8 f3
64.Rxf5 Re5 65.Rh4+ Kd5 66.Rf4 Rxf5+ 67.Rxf5+ Ke4 68.Rf6 Ke3 69.h4 f2 70.h5 Rd5+
71.Kg4 Rxb5 72.h6 Rb1 73.Kg5 Rb5+ 74.Kg4 Rb6 75.Rf3+ Ke2 76.Rxf2+ Kxf2 77.Kg5 Kg3
78.h7 Rb8 79.Kg6 Kg4 80.Kg7 Kg5 81.h8=Q Rxh8 82.Kxh8  1/2-1/2

[Event "Gibraltar Masters 2019"]
[Site "Caleta ENG"]
[Date "2019.01.23"]
[Round "2.22"]
[White "Edouard,R"]
[Black "Gavrilescu,David"]
[Result "1-0"]
[WhiteElo "2643"]
[BlackElo "2479"]

1.d4 Nf6 2.c4 e6 3.Nf3 d5 4.Nc3 Bb4 5.cxd5 exd5 6.Bg5 h6 7.Bh4 O-O 8.e3 Bf5
9.Qb3 Bxc3+ 10.Qxc3 Nbd7 11.Be2 c6 12.Nd2 Ne4 13.Bxd8 Nxc3 14.bxc3 Rfxd8
15.c4 dxc4 16.Nxc4 Be6 17.Na5 Rab8 18.Bf3 Nb6 19.Ke2 Nc4 20.Nb3 Bd5 21.g4 Kf8
22.Rhc1 Rbc8 23.Nc5 Nd6 24.e4 Bc4+ 25.Ke3 Be6 26.Be2 Re8 27.e5 Bd5 28.Kd3 Nb5
29.Nxb7 Rb8 30.Nc5 Red8 31.a4 Nc7 32.Rab1 Ke7 33.f4 Ba2 34.Rb7 Rxb7 35.Nxb7 Rb8
36.Na5 Rb2 37.Bf3 Nd5 38.f5 Bb1+ 39.Kc4 Nb6+ 40.Kc5 Nd7+ 41.Kxc6 Nb8+ 42.Kd5 Bc2
43.Bd1 Bxd1 44.Rxd1 Rb4 45.Rc1 Rxa4 46.Rc7+  1-0

[Event "Gibraltar Masters 2019"]
[Site "Caleta ENG"]
[Date "2019.01.23"]
[Round "2.23"]
[White "Harsha,B"]
[Black "Anton Guijarro,D"]
[Result "1-0"]
[WhiteElo "2481"]
[BlackElo "2642"]

1.d4 f5 2.c4 Nf6 3.Nc3 d6 4.Bg5 Nbd7 5.Qc2 g6 6.h4 c6 7.e3 Bg7 8.O-O-O Nf8
9.Nh3 Qa5 10.Be2 Ne4 11.Nxe4 fxe4 12.Kb1 Ne6 13.f3 c5 14.d5 Nxg5 15.Nxg5 b5
16.Nxe4 Bf5 17.cxb5 O-O 18.g4 Bxe4 19.Qxe4 a6 20.h5 axb5 21.a3 Qa4 22.Qe6+ Rf7
23.hxg6 hxg6 24.Bd3 Qb3 25.Rd2 Kf8 26.Rh7 Rf6 27.Qd7 Rxa3 28.Qc8+ Kf7 29.g5 Rxf3
30.Qe6+ Kf8 31.Qc8+ Kf7 32.Bxg6+ Kxg6 33.Qe6+ Bf6 34.Qf7+ Kf5 35.Qe6+ Kg6
36.Rh6+ Kg7 37.gxf6+ exf6 38.Qg4+  1-0

[Event "Gibraltar Masters 2019"]
[Site "Caleta ENG"]
[Date "2019.01.23"]
[Round "2.24"]
[White "Alekseenko,K"]
[Black "Harika,D"]
[Result "1/2-1/2"]
[WhiteElo "2637"]
[BlackElo "2471"]

1.e4 d6 2.d4 Nf6 3.Nc3 g6 4.f4 Bg7 5.a3 O-O 6.Nf3 c5 7.dxc5 Qa5 8.b4 Qc7
9.Bd2 dxc5 10.e5 Rd8 11.exf6 Bxf6 12.Ne5 Nc6 13.Bd3 Nxe5 14.fxe5 Qxe5+ 15.Qe2 Qxe2+
16.Bxe2 Bf5 17.bxc5 Rac8 18.O-O-O Rxc5 19.g4 Bxc2 20.Kxc2 Rdc8 21.Kb2 Bxc3+
22.Bxc3 Rxc3 23.Rd8+ Kg7 24.Rxc8 Rxc8 25.Rd1 Rc7 26.Kb3 h6 27.Bc4 e6 28.Rf1 Rc5
29.a4 h5 30.h3 hxg4 31.hxg4 Rc7 32.g5 Rc5 33.Rg1 Kf8 34.Kc3 Ke7 35.Kd4 b6
36.Bb5 Rf5 37.Ke4 Kf8 38.Ke3 Kg7 39.Bd3 Re5+ 40.Kf3 Rd5 41.Bb5 Rd4 42.Ke3 Rd5
43.Ke4 Rf5 44.Rg2 Rd5 45.Rg3 Rf5 46.Rg4 Kf8 47.Ke3 Kg7 48.Kd3 Rd5+ 49.Ke2 Rf5
50.Ke3 Kf8 51.Bd3 Rd5 52.Bc4 Rf5 53.Be2 Kg7 54.Bf3 Ra5 55.Be2 Rf5 56.Bb5 Kf8
57.Rc4 Rxg5 58.Rc7 Re5+ 59.Kd4 Rd5+ 60.Ke4 a5 61.Rc6 g5 62.Rxb6 f5+ 63.Ke3 Re5+
64.Kf2 g4 65.Rb7 f4 66.Rc7 Re3 67.Kg2 e5 68.Bd7 Rd3 69.Bf5 Rd2+ 70.Kg1 g3
71.Bg4 Rd5 72.Bh5 Rd4 73.Rc5 Rxa4 74.Rxe5 Kg7 75.Rf5 Kh6 76.Bf7 Rb4 77.Rxa5 Rb1+
78.Kg2 Rb2+ 79.Kg1 f3 80.Rh5+ Kg7  1/2-1/2

[Event "Gibraltar Masters 2019"]
[Site "Caleta ENG"]
[Date "2019.01.23"]
[Round "2.25"]
[White "Krishna,CRG"]
[Black "Iturrizaga,E"]
[Result "0-1"]
[WhiteElo "2469"]
[BlackElo "2637"]

1.d4 Nf6 2.c4 c5 3.d5 b5 4.cxb5 a6 5.e3 g6 6.Nc3 Bg7 7.Nf3 O-O 8.Bc4 axb5
9.Nxb5 Ba6 10.O-O e6 11.e4 Nxe4 12.Re1 Bxb5 13.Bxb5 Nd6 14.Bf1 Qb6 15.a4 Nf5
16.Ra3 Na6 17.Ne5 Qb7 18.Bc4 Nd4 19.dxe6 dxe6 20.Rh3 Nb4 21.Bh6 Nbc2 22.Bxg7 Nxe1
23.Qxe1 Kxg7 24.Qd2 h5 25.Rxh5 Rh8 26.Rxh8 Rxh8 27.Nd3 Qe4  0-1

[Event "Gibraltar Masters 2019"]
[Site "Caleta ENG"]
[Date "2019.01.23"]
[Round "2.124"]
[White "Dolzhikova,O"]
[Black "Teh,Wee Zhun"]
[Result "1-0"]
[WhiteElo "2224"]
[BlackElo "1818"]

1.e4 c6 2.Nc3 d5 3.Nf3 Bg4 4.d3 Nf6 5.h3 Bxf3 6.Qxf3 e6 7.Bg5 Nbd7 8.Qg3 h6
9.Bd2 Nh5 10.Qh2 Bb4 11.Be2 Nhf6 12.e5 d4 13.exf6 dxc3 14.bxc3 Qxf6 15.d4 Ba5
16.Rb1 Bb6 17.a4 O-O 18.O-O Qd8 19.Bf4 Nf6 20.Qg3 Kh8 21.Be5 Ne8 22.Qe3 Kg8
23.Bd3 Qd7 24.Qe4 f5 25.Qe3 Nf6 26.c4 Rae8 27.Rb3 Bd8 28.Rfb1 b6 29.a5 Rf7
30.axb6 axb6 31.Ra1 Qc8 32.Rba3 Rb7 33.Ra8 Qd7 34.Bxf6 Bxf6 35.Rxe8+ Qxe8
36.Bxf5 Re7 37.Bd3 e5 38.Qe4 exd4 39.Qh7+ Kf8 40.Ra8 Re1+ 41.Kh2 Bd8 42.Qh8+ Ke7
43.Qxg7+ Kd6 44.Rc8 Kc5 45.g3 Re6 46.Qa7 Kd6 47.Qb8+ Ke7 48.Qf4 Qd7 49.Ra8 Rf6
50.Qe4+ Kf8 51.Kg2 Qd6 52.Qh7 Rf7 53.Qh8+ Ke7 54.Ra7+ Bc7 55.Qg8 Qe5 56.Ra8 Rxf2+
57.Kxf2 Qe3+ 58.Kg2 Qd2+ 59.Kf3 Qd1+ 60.Ke4 Qe1+ 61.Kf5 Qf2+ 62.Kg6  1-0

[Event "Gibraltar Masters 2019"]
[Site "Caleta ENG"]
[Date "2019.01.23"]
[Round "2.123"]
[White "Christophe Hayot,R"]
[Black "Valhondo Morales,R"]
[Result "0-1"]
[WhiteElo "1729"]
[BlackElo "2231"]

1.d4 d5 2.Nf3 Nf6 3.Bf4 c5 4.c3 Qb6 5.Qb3 c4 6.Qxb6 axb6 7.Bc7 Na6 8.Bf4 Bf5
9.Nbd2 h6 10.h3 e6 11.g4 Bh7 12.Bg2 Be7 13.O-O b5 14.Bg3 b4 15.a3 bxc3 16.bxc3 Nb8
17.Ne5 O-O 18.f3 Rxa3 19.Rxa3 Bxa3 20.e4 b5 21.Nb1 Be7 22.exd5 Nxd5 23.f4 f6
24.Bxd5 exd5 25.Nf3 Bd3 26.Re1 Kf7 27.g5 Nc6 28.Nbd2 b4 29.cxb4 Bxb4 30.Ra1 Bc3
31.Ra6 Nxd4 32.Ra7+ Kg8 33.gxh6 gxh6 34.Rd7 Nxf3+ 35.Nxf3 Be4 36.Be1 Bxe1
37.Nxe1 Ra8 38.Kf2 Ra3 39.h4 h5 40.Rc7 Kf8 41.Ke2 Ke8 42.Kf2 Rh3 43.Ke2 Rxh4
44.Nf3 Rxf4 45.Nd2  0-1

[Event "Gibraltar Masters 2019"]
[Site "Caleta ENG"]
[Date "2019.01.23"]
[Round "2.122"]
[White "Villar,Ju"]
[Black "Wilson,Matthew R"]
[Result "1-0"]
[WhiteElo "2237"]
[BlackElo "1822"]

1.d4 Nf6 2.c4 e6 3.Nf3 d5 4.Nc3 Be7 5.g3 c6 6.Bg2 O-O 7.O-O Nbd7 8.Nd2 h6
9.e4 dxe4 10.Ndxe4 Nxe4 11.Nxe4 Nf6 12.Nc3 Qa5 13.Qe2 Rd8 14.Be3 Bd7 15.f4 Qh5
16.Bf3 Qf5 17.a3 h5 18.Kh1 Be8 19.Kg2 Rac8 20.b4 b5 21.c5 a5 22.h3 Ra8 23.Ra2 Ra7
24.Rfa1 Rda8 25.g4 hxg4 26.hxg4 Qg6 27.g5 Bd7 28.a4 axb4 29.axb5 Rxa2 30.Rxa2 Rxa2
31.Nxa2 b3 32.b6 Bc8 33.Nc1 Nd5 34.Nxb3 Qf5 35.Qd2 e5 36.dxe5 Qh3+ 37.Kf2 Qh4+
38.Ke2 Ba6+ 39.Kd1 Bb5 40.b7 Nxe3+ 41.Qxe3  1-0

[Event "Gibraltar Masters 2019"]
[Site "Caleta ENG"]
[Date "2019.01.23"]
[Round "2.121"]
[White "Francois-Haugrin,Said"]
[Black "Moksh,Amit Doshi"]
[Result "0-1"]
[WhiteElo "1825"]
[BlackElo "2242"]

1.e4 e5 2.Nf3 Nc6 3.Bc4 Bc5 4.O-O Nf6 5.Re1 O-O 6.d3 d6 7.c3 a5 8.h3 h6 9.a4 Be6
10.Bb5 Na7 11.d4 exd4 12.cxd4 Bb4 13.Bd2 Nxb5 14.axb5 Re8 15.Bxb4 axb4 16.Ra4 Bd7
17.Nbd2 Bxb5 18.Rxb4 c6 19.Qc2 Qa5 20.Qc3 Re7 21.Nb3 Qb6 22.Nfd2 Rae8 23.Qf3 Nd5
24.Nc4 Qc7 25.Rxb5 cxb5 26.Ncd2 Nf6 27.d5 Qc2 28.Rc1 Qxb2 29.Rb1 Qe5 30.Re1 Nxd5
31.Qd3 Nf4 32.Qe3 Qg5 33.g4 h5 34.Kh2 hxg4 35.Rg1 Qe5 36.Qg3 Nxh3  0-1

[Event "Gibraltar Masters 2019"]
[Site "Caleta ENG"]
[Date "2019.01.23"]
[Round "2.120"]
[White "Fuchs,Ju"]
[Black "Gravett,A"]
[Result "1-0"]
[WhiteElo "2249"]
[BlackElo "1840"]

1.d4 Nf6 2.Bf4 g6 3.Nc3 Bg7 4.e4 d6 5.Qd2 O-O 6.O-O-O c6 7.Bh6 b5 8.f3 a5
9.h4 a4 10.h5 b4 11.Nce2 b3 12.cxb3 axb3 13.a3 Qa5 14.Nc3 Na6 15.hxg6 fxg6
16.Bc4+ e6 17.Bxg7 Kxg7 18.Qh6+ Kg8 19.Nh3 Ra7 20.Ng5 Re7 21.Bxb3 Nc7 22.Ba2 Nb5
23.Nxb5 Qxb5 24.Rd2 Bd7 25.g3 Rb8 26.f4 Rb7 27.f5 Ng4 28.Qh4  1-0

[Event "Gibraltar Masters 2019"]
[Site "Caleta ENG"]
[Date "2019.01.23"]
[Round "2.119"]
[White "Lochte,S"]
[Black "Benmesbah,N"]
[Result "0-1"]
[WhiteElo "1868"]
[BlackElo "2252"]

1.c4 Nf6 2.g3 g6 3.Bg2 Bg7 4.Nc3 O-O 5.Nf3 c6 6.d4 d6 7.O-O Nbd7 8.e4 e5
9.dxe5 dxe5 10.b3 Qe7 11.Qc2 Rd8 12.Bb2 Nf8 13.Rad1 Bg4 14.Ne2 N6d7 15.h3 Bxf3
16.Bxf3 Ne6 17.Kh2 a5 18.a3 Ndc5 19.Bg2 Rxd1 20.Rxd1 Rd8 21.Bc3 a4 22.b4 Nb3
23.Rxd8+ Qxd8 24.Nc1 Nxc1 25.Qxc1 Qd3 26.Bb2 Qe2 27.Kg1 Nd4 28.Qc3 Qd1+ 29.Kh2 Ne2  0-1

[Event "Gibraltar Masters 2019"]
[Site "Caleta ENG"]
[Date "2019.01.23"]
[Round "2.118"]
[White "Bliumberg,V"]
[Black "Giulian,R"]
[Result "1-0"]
[WhiteElo "2253"]
[BlackElo "1908"]

1.e4 e6 2.d4 d5 3.Nd2 dxe4 4.Nxe4 Nd7 5.g3 Ngf6 6.Nxf6+ Nxf6 7.Bg2 Bd6 8.Nf3 O-O
9.O-O Rb8 10.a4 Nd7 11.Be3 b6 12.Nd2 a5 13.Re1 Bb7 14.Bxb7 Rxb7 15.Nc4 Be7
16.Qf3 Rb8 17.Rad1 Bg5 18.d5 e5 19.d6 c5 20.Qd5 Re8 21.h4 Bxh4 22.gxh4 Qxh4
23.Nd2 Re6 24.Nf1 Rg6+ 25.Ng3 h5 26.Qh1 Qg4 27.Kf1 h4 28.Ne4 f5 29.f3 Qh5
30.Nc3 Rg3 31.Bf2 Rxf3 32.Rd3 Rxd3 33.cxd3 g5 34.Nd5 Kg7 35.Ne7 Rf8 36.Qb7 Qe8
37.d4 cxd4 38.Rc1 Qb8 39.Qxd7  1-0

[Event "Gibraltar Masters 2019"]
[Site "Caleta ENG"]
[Date "2019.01.23"]
[Round "2.117"]
[White "Obiamiwe,P"]
[Black "Antova,Gabriela"]
[Result "0-1"]
[WhiteElo "1903"]
[BlackElo "2263"]

1.Nf3 d5 2.d4 Nf6 3.c4 e6 4.Nc3 c6 5.cxd5 exd5 6.Bg5 Be7 7.e3 Bf5 8.Bd3 Bxd3
9.Qxd3 Nbd7 10.O-O O-O 11.Rab1 a5 12.a3 h6 13.Bh4 Re8 14.Rfc1 Qb8 15.Bg3 Bd6
16.b4 axb4 17.Rxb4 Bxg3 18.hxg3 Rxa3 19.Qb1 b5 20.Ne2 Qd6 21.Rb2 Nb6 22.Nh4 Ne4
23.Qc2 Nc4 24.Ra2 Rea8 25.Rxa3 Qxa3 26.Nf5 Ra7 27.Nf4 b4 28.Nd3 b3 29.Qe2 b2
30.Rb1 Qa1 31.Qg4 Qxb1+ 32.Kh2 Ng5 33.f4 Qxd3 34.fxg5 h5 35.Qf4 b1=Q 36.Nxg7 Kxg7
37.Qf6+ Kg8 38.Qd8+ Kh7  0-1

[Event "Gibraltar Masters 2019"]
[Site "Caleta ENG"]
[Date "2019.01.23"]
[Round "2.116"]
[White "Jaksland,T"]
[Black "Cano Sevilla,Ivan"]
[Result "1/2-1/2"]
[WhiteElo "2264"]
[BlackElo "1950"]

1.Nf3 c5 2.c4 Nc6 3.b3 Nf6 4.Bb2 g6 5.g3 Bg7 6.Bg2 O-O 7.O-O d6 8.d4 cxd4
9.Nxd4 Bd7 10.Nc3 Rc8 11.e3 a6 12.Qe2 Re8 13.Rfd1 Qa5 14.Nd5 Nxd5 15.Bxd5 Nxd4
16.Bxd4 Bxd4 17.Rxd4 Bc6 18.h4 Bxd5 19.Rxd5 Rc5 20.Rad1 Rec8 21.Qb2 Rxd5
22.Rxd5 Qe1+ 23.Kg2 b5 24.Qa3 Rc6 25.Rxb5 Qb1 26.Rd5 Qe4+ 27.Kg1 Qb1+ 28.Kg2 Qe4+
29.Kf1 Qb1+ 30.Ke2 Qc2+ 31.Rd2 Qf5 32.Qb4 Rc5 33.Qb7 Re5 34.Qf3 Qb1 35.Qa8+ Kg7
36.Qxa6 Qe4 37.Qa7 Qg4+ 38.Ke1 f6 39.Qb7 Re4 40.Qd5 Re5 41.Qd4 Qf3 42.a4 Rf5
43.b4 Qh1+ 44.Ke2 Qg2 45.Kd3 Rxf2 46.Rxf2 Qxf2 47.a5 Qa2 48.Qc3 Qb1+ 49.Kd2 e5
50.b5 h5 51.a6 g5 52.Qa3 Qf1 53.a7 Qf2+ 54.Kc1 Qe1+ 55.Kc2 Qe2+ 56.Kb1 Qd1+
57.Kb2 Qd2+ 58.Ka1 Qd1+ 59.Ka2 Qc2+ 60.Qb2 Qa4+ 61.Qa3 Qc2+ 62.Qb2 Qa4+ 63.Qa3 Qc2+
64.Qb2  1/2-1/2

[Event "Gibraltar Masters 2019"]
[Site "Caleta ENG"]
[Date "2019.01.23"]
[Round "2.115"]
[White "Vilarnovo Caamano,J"]
[Black "Giemsa,S"]
[Result "0-1"]
[WhiteElo "1945"]
[BlackElo "2275"]

1.e4 e6 2.d4 d5 3.Nd2 c5 4.dxc5 Bxc5 5.Bd3 Nf6 6.Qe2 Nc6 7.Ngf3 Bb6 8.c3 O-O
9.O-O h6 10.h3 Nh5 11.exd5 Ng3 12.Qd1 Nxf1 13.Nxf1 exd5 14.Bf4 Qf6 15.Qd2 Bf5
16.Bxf5 Qxf5 17.Ng3 Qg6 18.Nh4 Qf6 19.Nhf5 Ne7 20.Nxe7+ Qxe7 21.Nf5 Qf6 22.g4 Rad8
23.Re1 Rfe8 24.Re2 Rxe2 25.Qxe2 Qe6 26.Qd2 Re8 27.Kf1 Qe4 28.Ng3 Qf3  0-1

[Event "Gibraltar Masters 2019"]
[Site "Caleta ENG"]
[Date "2019.01.23"]
[Round "2.114"]
[White "Adewole,Adeyinka"]
[Black "Risting,Eivind Olav"]
[Result "0-1"]
[WhiteElo "1972"]
[BlackElo "2281"]

1.c4 e5 2.Nc3 Nc6 3.g3 Bc5 4.Bg2 d6 5.d3 a6 6.a3 Ba7 7.e3 Nf6 8.Nge2 Bf5
9.b4 Qd7 10.h3 h5 11.Bb2 Rb8 12.d4 exd4 13.exd4 O-O 14.Qd2 Rfe8 15.O-O-O Bg6
16.Qf4 d5 17.c5 Nd8 18.Bf3 a5 19.g4 axb4 20.axb4 Nc6 21.Ba3 h4 22.g5 Ne4
23.Bxe4 Bxe4 24.f3 Bg6 25.Qg4 Bf5 26.Qxh4 Ra8 27.Kb2 Nxb4 28.Bxb4 Rxe2+ 29.Nxe2 Qa4
30.Ba5 Qc2+ 31.Ka3 Bxc5+ 32.dxc5 Rxa5+ 33.Kb4 Ra4+  0-1

[Event "Gibraltar Masters 2019"]
[Site "Caleta ENG"]
[Date "2019.01.23"]
[Round "2.113"]
[White "Chinguun,Sumiya"]
[Black "Bianco,V"]
[Result "1/2-1/2"]
[WhiteElo "2286"]
[BlackElo "2018"]

1.e4 e6 2.d4 d5 3.Nc3 Nf6 4.Bg5 dxe4 5.Nxe4 Be7 6.Bxf6 Bxf6 7.Nf3 O-O 8.Qd2 Be7
9.Bd3 Nd7 10.O-O-O b6 11.h4 Bb7 12.Rh3 Nf6 13.Neg5 Bxf3 14.Rxf3 h6 15.Rh1 c5
16.Rg3 Bd6 17.Rf3 cxd4 18.Ne4 Nxe4 19.Bxe4 Rc8 20.g4 f6 21.Qe2 Rc5 22.Bd3 Re5
23.Qd2 Qa8 24.Rhh3 Qd5 25.Kb1 Qa5 26.Qxa5 bxa5 27.Rh1 Rb8 28.a4 Rb4 29.b3 Rb6
30.Rd1 Kf7 31.Bc4 Ke7 32.Rfd3 Re4 33.Rxd4 Rxd4 34.Rxd4 Be5 35.Rd1 Rd6 36.Bd3 Bc3
37.f3 Rd4  1/2-1/2

[Event "Gibraltar Masters 2019"]
[Site "Caleta ENG"]
[Date "2019.01.23"]
[Round "2.112"]
[White "Burke,M"]
[Black "Mannion,Stephen R"]
[Result "1/2-1/2"]
[WhiteElo "1994"]
[BlackElo "2293"]

1.e4 e5 2.Nf3 Nc6 3.Bb5 a6 4.Bxc6 dxc6 5.O-O Bd6 6.d4 exd4 7.Qxd4 f6 8.Be3 Ne7
9.Nbd2 Be6 10.Qc3 Qd7 11.Nc4 Bxc4 12.Qxc4 Ng6 13.Nd4 Ne5 14.Qb3 O-O-O 15.Ne6 Rde8
16.Nc5 Bxc5 17.Bxc5 b6 18.Rad1 Qf7 19.Bd4 c5 20.Bxe5 Qxb3 21.axb3 Rxe5 22.f3 Rhe8
23.Rf2 f5 24.exf5 Rxf5 25.Rfd2 Rf7 26.Kf2 a5 27.Re2 Ref8 28.Rd5 Kb7 29.Rde5 Kc6
30.c4 Rd8 31.Re7 Rd7 32.R2e6+ Kb7 33.Rxf7 Rxf7 34.h4 c6 35.g4 Kc7 36.Re8 b5
37.Ke3 bxc4  1/2-1/2

[Event "Gibraltar Masters 2019"]
[Site "Caleta ENG"]
[Date "2019.01.23"]
[Round "2.111"]
[White "Hewson,Brian W R"]
[Black "Welling,G"]
[Result "0-1"]
[WhiteElo "2006"]
[BlackElo "2299"]

1.d4 d6 2.g3 g6 3.Bg2 Bg7 4.e4 Nc6 5.Ne2 e5 6.Be3 Nf6 7.h3 Bd7 8.c3 O-O 9.O-O Re8
10.Nd2 a5 11.d5 Ne7 12.c4 b6 13.Qc2 Rf8 14.f4 exf4 15.gxf4 Qc8 16.Kh2 Nh5
17.Bd4 Bh6 18.Qd3 c5 19.Bc3 a4 20.Rf2 b5 21.Nf1 b4 22.Bd2 a3 23.b3 Bg7 24.Re1 f5
25.Neg3 fxe4 26.Qxe4 Nxg3 27.Nxg3 Nf5 28.Nxf5 Bxf5 29.Qf3 Qd7 30.Rfe2 Rae8
31.Qg3 Rxe2 32.Rxe2 Re8 33.Qe1 Kf7 34.h4 Rxe2 35.Qxe2 Qe7 36.Qxe7+ Kxe7 37.Bf3 Bc2
38.h5 Bxb3  0-1

[Event "Gibraltar Masters 2019"]
[Site "Caleta ENG"]
[Date "2019.01.23"]
[Round "2.110"]
[White "Heinemann,Josefine"]
[Black "Cramling Bellon,Anna"]
[Result "1/2-1/2"]
[WhiteElo "2304"]
[BlackElo "2025"]

1.e4 c5 2.Nf3 e6 3.d4 cxd4 4.Nxd4 Nf6 5.Nc3 Nc6 6.Nxc6 bxc6 7.e5 Nd5 8.Ne4 Qc7
9.f4 Qb6 10.c4 Bb4+ 11.Ke2 f5 12.exf6 Nxf6 13.Be3 Qd8 14.Nd6+ Bxd6 15.Qxd6 Bb7
16.Kd1 c5 17.Qxc5 Kf7 18.Rg1 Be4 19.Be2 Qb8 20.Qd4 Rd8 21.Ke1 d5 22.c5 a5
23.Kf2 Re8 24.Rgc1 g5 25.fxg5 e5 26.Qd1 Rg8 27.g3 Ne8 28.b3 Qc8 29.Kg1  1/2-1/2

[Event "Gibraltar Masters 2019"]
[Site "Caleta ENG"]
[Date "2019.01.23"]
[Round "2.109"]
[White "Herzwurm,R"]
[Black "Aguilar,A"]
[Result "0-1"]
[WhiteElo "2021"]
[BlackElo "2307"]

1.e4 g6 2.d4 Bg7 3.Nc3 d6 4.Be3 c6 5.Qd2 Nf6 6.Bh6 Bxh6 7.Qxh6 Qa5 8.Bd3 Nbd7
9.Nf3 c5 10.O-O cxd4 11.Nxd4 Qe5 12.Nf3 Qh5 13.Qxh5 Nxh5 14.Nd5 Rb8 15.Rfe1 e6
16.Nc3 Ke7 17.Rad1 Nhf6 18.h3 a6 19.a4 b6 20.e5 dxe5 21.Nxe5 Nxe5 22.Rxe5 Bb7
23.Re3 Rhc8 24.Kf1 Rc5 25.Rd2 Rd8 26.Ree2 g5 27.Kg1 h5 28.Kf1 Rd4 29.Kg1 Rb4
30.Nd1 Rxa4 31.Ne3 b5 32.Nf5+ Kf8 33.Ne3 Ra1+ 34.Rd1 Rxd1+ 35.Nxd1 h4 36.b4 Rd5
37.Nc3 Rd4 38.Re5 g4 39.Kh2 Rxb4 40.Rc5 gxh3 41.Kxh3 Ne4  0-1

[Event "Gibraltar Masters 2019"]
[Site "Caleta ENG"]
[Date "2019.01.23"]
[Round "2.108"]
[White "Bellin,R"]
[Black "Munoz,Ra"]
[Result "1-0"]
[WhiteElo "2312"]
[BlackElo "2040"]

1.g3 Nf6 2.Bg2 e6 3.e4 d5 4.e5 Nfd7 5.d4 c5 6.c3 Nc6 7.Ne2 Be7 8.O-O O-O
9.Be3 cxd4 10.cxd4 Nb6 11.b3 a5 12.a4 Bd7 13.Nbc3 Rc8 14.Qd2 Bb4 15.Rfc1 Na8
16.Qb2 Nc7 17.Nf4 f6 18.exf6 Qxf6 19.Nce2 Bd6 20.Nd3 Na6 21.Qd2 Ncb4 22.Ne1 Bb8
23.Nf3 Qf5 24.Ne1 Ba7 25.Nf4 Qf6 26.h4 Nc6 27.Nf3 Bb8 28.Nd3 Bd6 29.Bg5 Qf5
30.Bf4 Bxf4 31.Nxf4 Qf6 32.Rc3 Nab4 33.Rac1 Kh8 34.Kh2 Rce8 35.Re1 Nxd4 36.Qxd4 Qxd4
37.Nxd4 e5 38.Nxd5 exd4 39.Rxe8 Rxe8 40.Rc5 Nd3 41.Rc7 Rd8 42.Kg1 Ne1 43.Be4 Bg4
44.Kf1 Nf3 45.Bxf3 Bxf3 46.Nf4 Bg4 47.Ke1 Kg8 48.Kd2 h6 49.h5  1-0

[Event "Gibraltar Masters 2019"]
[Site "Caleta ENG"]
[Date "2019.01.23"]
[Round "2.107"]
[White "Dasaolu,R"]
[Black "Osmanodja,F"]
[Result "1/2-1/2"]
[WhiteElo "2038"]
[BlackElo "2318"]

1.d4 Nf6 2.Nf3 e6 3.Bg5 h6 4.Bh4 c5 5.c3 cxd4 6.cxd4 Qa5+ 7.Nbd2 g5 8.Bg3 Nc6
9.e3 Ne4 10.Bd3 Nxg3 11.hxg3 Bg7 12.a3 b5 13.b4 Qb6 14.Ne4 Ne7 15.Qe2 Bb7
16.O-O a6 17.Rac1 d6 18.Rc2 f5 19.Ned2 O-O 20.Nb3 Rac8 21.Rfc1 Rxc2 22.Rxc2 Ba8
23.Na5 e5 24.dxe5 dxe5 25.e4 f4 26.gxf4 exf4 27.Rc5 Qe6 28.Bc2 Kh8 29.Nb3 g4
30.Nfd4 Qd7 31.e5 Qb7 32.Qxg4 Rg8 33.Qh3 Bf8 34.f3 Rg3 35.Qh5 Ng8 36.Rc6 Rg5
37.Qe8 Qg7 38.Rg6 Qxe5 39.Re6 Qg7 40.Rg6 Rxg6 41.Qxg6 Qxg6 42.Bxg6 Bd5 43.Kf1 Ne7
44.Be4 Bc4+ 45.Ke1 Nd5 46.Na5 Ba2 47.Kd2 Nxb4 48.Nab3 a5 49.Nxa5 Nd5 50.Nxb5 Ne3
51.Nc6 Bc4 52.a4 Nxg2 53.Kc3 Ne3 54.Nbd4 h5 55.Ne5 Bf1 56.Ng6+ Kg8 57.Nxf4 h4
58.Nf5 Nxf5 59.Bxf5 Bg7+ 60.Kb4 Bf8+ 61.Kb3 Bd6 62.Nh3 Bc7 63.Kb4 Bd6+ 64.Kc3 Bc7
65.Kd4 Kf7 66.Kd5 Kf6 67.Bg4 Ba5 68.Ke4 Bd2 69.Nf4 Kg5 70.Nh3+ Kf6 71.Kd4 Ba5
72.Kd5 Be1 73.Kc5 Bd2 74.Kd5 Be1 75.Kd4 Ba5 76.Bd7 Bb6+ 77.Ke4 Ba5 78.Kf4 Be1
79.Kg4 Bxh3+  1/2-1/2